000 00297nam a2200133Ia 4500
005 20251222155122.0
008 251222s9999||||xx |||||||||||||| ||spa||
082 _aREL.91
100 _aCASTELLANA J.M.
245 0 _aHistoria de Cristo
250 _a1ra. ed.
264 _bZIG-ZAG
942 _cLIB
999 _c38479
_d38479